Paroles - Barcelona92 - Green Montana, SDM - Statistiques

Statistiques générales
  • Ce quiz a été pris 172 fois
  • Le résultat moyen est 218 sur 497
Statistiques - réponses
Paroles % Correct
de
95%
ça
88%
ca
88%
le
87%
ma
82%
m’a
82%
a
81%
Est
81%
est
81%
jamais
79%
mais
79%
ce
78%
me
78%
je
76%
Je
76%
J’suis
76%
R,
76%
camp
75%
la
75%
La
75%
75%
l’a
75%
tu
75%
Tu
75%
quand
74%
Fendi
72%
chez
70%
d’ennemis
70%
se
70%
prend
67%
que
66%
J’change
65%
tout
64%
Tout
64%
venir ?
64%
sur
62%
va
62%
vie
62%
c’que
60%
réel,
59%
arrête
58%
comme
58%
Kyky
57%
vite
57%
Et
54%
et
54%
pute,
54%
l’envie
53%
m’vois
53%
mort,
52%
mort
52%
ciel
51%
J’vois
51%
j’vois
51%
l’couloir,
51%
92i
50%
mon
50%
on
50%
moi
48%
moi,
48%
te
48%
l’sens ?
47%
dans
46%
Dans
46%
les
46%
pas
46%
qui
46%
vois
46%
ta
43%
vu
43%
au
42%
toi
42%
toi,
42%
fais,
41%
fais
41%
revu
41%
Plein
39%
sous
39%
suce
39%
bite,
38%
fond,
38%
la bite,
38%
chier,
37%
Donne
37%
Jack
37%
revis
36%
si
35%
agissent
34%
j’vais
34%
se coucher,
34%
se lever
34%
ventre
34%
ton
33%
c’est
32%
C’est
32%
du
32%
rappeur
32%
devant
31%
sens
31%
Belek
30%
d’rappeurs
30%
j’dois
30%
nous,
30%
ils
29%
Ils
29%
avec
28%
de rêver
28%
Y’a
28%
donner,
27%
donner
27%
1,
26%
chaud
26%
l’vendre
26%
Elle
26%
elle
26%
j’ai
26%
J’ai
26%
j’le
26%
J’peux
26%
j’peux
26%
l’vendre
26%
porte,
26%
porte
26%
réveille
26%
achète
25%
chienne
25%
des
25%
sont
25%
froid
24%
t’l’arracher
24%
t’le
24%
frappe
23%
J’les
23%
l’démon
23%
crois
22%
j‘vends,
22%
Métal
22%
plaque
22%
pour
22%
T’as
22%
t’as
22%
as-p,
21%
bitch,
21%
chaîne,
21%
l’ai
21%
shit
21%
j’découpe
20%
plus
20%
veux
20%
détruit
19%
devance
19%
garde
19%
Grah
19%
ont
19%
promener,
19%
rue
19%
sinon
19%
un
19%
baise
18%
boom
18%
connais
18%
développe
18%
foie
18%
Glock
18%
Hennessy
18%
Hennessy,
18%
laisse,
18%
Parce
18%
parle
18%
réchaud
18%
talent
18%
trembler,
18%
40
17%
chauffée,
17%
investir
17%
Lame
17%
l’enveloppe
17%
millionnaire,
17%
N’ouvre
17%
oublie
17%
percé,
17%
Prada
17%
prépare
17%
t’l’acheter,
17%
chemise
16%
faite
16%
même
16%
Percocets
16%
qu’t’as
16%
soie
16%
vue
16%
dire ?
15%
doivent
15%
Finir
15%
n’est
15%
réussite
15%
révèle
15%
rien,
15%
18
14%
anges
14%
bague
14%
bizarre,
14%
bois
14%
bout
14%
carats,
14%
celle
14%
C’qui
14%
déchus
14%
Et suce-moi la bite, nous, on est tout devantN’ouvre pas la porte sinon je te devance Gros c’est réel, oh NMR bitch Ocho, ocho, ocho
14%
font
14%
hors
14%
n’ai
14%
Numéro
14%
Qu’est
14%
qu’ils
14%
SACEM,
14%
Sans
14%
toit
14%
verra,
14%
vivra,
14%
voix
14%
Celui
13%
doigt
13%
d’sous
13%
j’insiste
13%
roupiller
13%
Tranquille,
13%
C‘qu’on
12%
crains
12%
déjà
12%
Dieu
12%
d’m’occuper
12%
l’showcase,
12%
l’temps
12%
lucarne,
12%
peuvent
12%
rond,
12%
cul
11%
dit,
11%
franc,
11%
invincibles
11%
monnaie,
11%
m’rendront
11%
négro,
11%
scène,
11%
9.2.1.4.0
10%
Bah,
10%
cash,
10%
Faire
10%
j’enveloppe
10%
j’l’avais
10%
j’pose
10%
j’préfère
10%
J’prends
10%
l’coup
10%
nan,
10%
tess
10%
J’crame
9%
cke-cra
7%
Combler
7%
han
7%
j’aspire
7%
simple
7%
d’l’acheter,
6%
l’R,
6%
me crois
6%
c’tu
4%
J’viens
2%
Aucun quiz correspondant
Distribution des résultats
% des personnes avec chaque résultat
Percentile par nombre de réponses
Votre historique - résultats
Vous n’avez pas pris ce quiz